000 00303 a2200145 4500
001 176615
020 _a
040 _cMagnum
100 _aFornasier, Lorena Mara
240 1 0 _aO jacare sumiu !
_lpor
245 1 0 _aO jacare sumiu !
362 0 _a1899
697 _aMAGNITO: IJ/ANIMAIS
942 _cBK
999 _c176615
_d176615